| 000 | 00679nam a2200181 a 4500 | ||
|---|---|---|---|
| 001 | 000040477 | ||
| 005 | 20201002034145.0 | ||
| 008 | 130826s2011 mx 000 0 spa d | ||
| 020 | _a9786070210013 | ||
| 040 |
_aDO-SdBNP _bspa _cBNPHU |
||
| 100 | 1 |
_aJuanes, Jorge _966778 |
|
| 245 | 1 | 0 |
_aHeidegger : _bmetafísica moderna, antropocentrismo y tecnociencia / _cJuanes Jorge. |
| 260 |
_aMéxico : _bUniversidad Nacional Autónoma de México, _c2011. |
||
| 300 |
_a47 p. ; _c23 cm. |
||
| 490 | 1 |
_aCuadernos del seminario modernidad : versiones y dimensiones _v5 |
|
| 504 | _aBibliografía : p. 46-47 | ||
| 830 | 0 |
_aCuadernos del seminario modernidad : versiones y dimensiones _n5 _966779 |
|
| 999 |
_c39967 _d39967 |
||